[Event "World op 51st"]
[Site "Philadelphia"]
[Date "2023.07.02"]
[Round "5"]
[White "Nabil, Feliachi"]
[Black "Harriott, Tyrell"]
[Result "1-0"]
[WhiteElo "1996"]
[BlackElo "1846"]
[PlyCount "97"]
[EventDate "2023.06.30"]
[EventType "swiss"]
[EventRounds "9"]
[EventCountry "USA"]
[SourceTitle "CBM 215 Extra"]
[Source "ChessBase"]
[SourceDate "2023.09.30"]
[SourceVersion "1"]
[SourceVersionDate "2023.09.30"]
[SourceQuality "1"]

1. c4 d6 2. g3 e5 3. Bg2 Nf6 4. Nc3 Be7 5. Nf3 0-0 6. d4 Nbd7 7. e4 c6 8. 0-0 Re8 9. b3 Qc7 10. Bb2 Nf8 11. h3 Ng6 12. Rc1 Bd7 13. Qd3 Qc8 14. Kh2 h6 15. dxe5 dxe5 16. Rfd1 Be6 17. Nd5 Bc5 18. Nxf6+ gxf6 19. Qe2 Qc7 20. h4 Rad8 21. h5 Nf8 22. Nh4 Qc8 23. Bc3 Nh7 24. f4 Bd4 25. f5 Bxc3 26. fxe6 Bd4 27. exf7+ Kxf7 28. Bh3 Qc7 29. Bf5 Ng5 30. Bg6+ Kg8 31. Bxe8 Rxe8 32. Nf5 c5 33. Nxh6+ Kh8 34. Rf1 Qg7 35. Nf5 Qd7 36. Qg4 Qc6 37. Rce1 Qa6 38. Re2 Qc6 39. Kg2 a6 40. Nh4 b5 41. Qf5 Nh7 42. h6 Qb7 43. Ng6+ Kg8 44. Qg4 bxc4 45. bxc4 a5 46. Ne7+ Kf7 47. Nf5 Qd7 48. Qg7+ Ke6 49. Rb1 1-0

[Event "Titled Tuesday intern op 04th Jan"]
[Site "Chess.com INT"]
[Date "2022.01.04"]
[Round "2"]
[White "Pandey, Srishti"]
[Black "Nabil, Feliachi"]
[Result "0-1"]
[WhiteElo "2177"]
[BlackElo "2038"]
[PlyCount "112"]
[EventDate "2022.01.04"]
[EventType "swiss (blitz)"]
[EventRounds "11"]
[EventCountry "USA"]
[SourceTitle "EXT 2023"]
[Source "ChessBase"]
[SourceDate "2022.10.05"]
[SourceVersion "1"]
[SourceVersionDate "2022.10.05"]
[SourceQuality "1"]

1. d4 Nf6 2. c4 g6 3. Nc3 Bg7 4. e4 d6 5. Be2 0-0 6. Be3 e5 7. d5 a5 8. h4 h5 9. Nh3 Na6 10. Ng5 Nc5 11. f3 b6 12. g4 Bd7 13. Kd2 c6 14. Qg1 cxd5 15. cxd5 b5 16. Nxb5 Bxb5 17. Bxb5 Rb8 18. a4 Nb3+ 19. Ke2 Nxa1 20. Qxa1 Qc7 21. Rc1 Qe7 22. gxh5 Nxh5 23. Rc6 Nf4+ 24. Kf2 Bf6 25. Bxf4 exf4 26. Qc1 Bxg5 27. hxg5 Qxg5 28. Rxd6 Qg3+ 29. Ke2 Qg2+ 30. Kd3 Qxf3+ 31. Kd4 Qf2+ 32. Kd3 Qf3+ 33. Kd4 Rfc8 34. Qg1 Qg3 35. Qxg3 fxg3 36. Ke3 Rc2 37. Rc6 g2 38. Rxc2 g1Q+ 39. Kd3 Qf1+ 40. Ke3 Qe1+ 41. Re2 Qg3+ 42. Kd4 Qf4 43. Rc2 Qf6+ 44. Kd3 Rd8 45. Ke3 Qg5+ 46. Kd4 Qg1+ 47. Kd3 f5 48. Bc4 fxe4+ 49. Kxe4 Qg4+ 50. Kd3 Qf3+ 51. Kd4 Qf4+ 52. Kd3 Re8 53. d6+ Kg7 54. d7 Re3+ 55. Kd2 Qf2+ 56. Kd1 Re1# 0-1

[Event "Cardinal op"]
[Site "Columbus"]
[Date "2018.01.27"]
[Round "3"]
[White "Shabalov, Alexander"]
[Black "Nabil, Feliachi"]
[Result "1-0"]
[WhiteElo "2544"]
[BlackElo "2032"]
[PlyCount "65"]
[EventDate "2018.01.26"]
[EventType "swiss"]
[EventRounds "5"]
[EventCountry "USA"]
[SourceTitle "EXT 2023"]
[Source "ChessBase"]
[SourceDate "2022.10.05"]
[SourceVersion "1"]
[SourceVersionDate "2022.10.05"]
[SourceQuality "1"]

1. e4 e6 2. d4 d5 3. Nc3 Nc6 4. Nf3 Nf6 5. Bg5 Be7 6. exd5 exd5 7. Bb5 0-0 8. 0-0 Bg4 9. Bxc6 bxc6 10. Qd3 Bxf3 11. Qxf3 h6 12. Bh4 Rb8 13. b3 Re8 14. Rfe1 Qd7 15. h3 Nh7 16. Bxe7 Rxe7 17. Qd3 Rbe8 18. Rxe7 Qxe7 19. Qa6 Qd7 20. Qxa7 Ng5 21. Qa6 Re6 22. Qd3 Rg6 23. Kh1 Rf6 24. Qg3 Qf5 25. Rc1 Ne6 26. Ne2 Ng5 27. f3 h5 28. a4 Rg6 29. Qe5 Qc8 30. Nf4 Kh7 31. Nxg6 Kxg6 32. g4 Qd8 33. f4 1-0

[Event "Eastern op 44th"]
[Site "Tysons"]
[Date "2017.12.29"]
[Round "5"]
[White "Lenderman, Aleksandr"]
[Black "Nabil, Feliachi"]
[Result "1-0"]
[WhiteElo "2611"]
[BlackElo "2032"]
[PlyCount "77"]
[EventDate "2017.12.27"]
[EventType "swiss"]
[EventRounds "7"]
[EventCountry "USA"]
[SourceTitle "CBM 182 Extra"]
[Source "ChessBase"]
[SourceDate "2018.02.23"]
[SourceVersion "1"]
[SourceVersionDate "2018.02.23"]
[SourceQuality "1"]

1. d4 Nf6 2. c4 e6 3. Nc3 Bb4 4. Qc2 Nc6 5. Nf3 d6 6. Bd2 0-0 7. a3 Bxc3 8. Bxc3 a5 9. g3 Qe7 10. Bg2 a4 11. 0-0 e5 12. h3 h5 13. Rad1 Re8 14. d5 Nb8 15. c5 Nbd7 16. cxd6 cxd6 17. Bb4 Nb6 18. e4 Bd7 19. Qc7 Nc8 20. Rfe1 Bb5 21. Qxe7 Rxe7 22. Rc1 Ne8 23. Nh4 Rd7 24. f4 f6 25. f5 Nc7 26. Bf3 Na6 27. Rc3 Rc7 28. Rxc7 Nxc7 29. Bxh5 Na6 30. Bc3 Nc5 31. Nf3 Nb6 32. Nd2 Rc8 33. Bd1 Nd3 34. Re3 Nc1 35. Ba5 Nc4 36. Rc3 Na2 37. Rc2 b6 38. Be2 bxa5 39. Bxc4 1-0

[Event "World op 45th"]
[Site "Philadelphia"]
[Date "2017.07.01"]
[Round "4"]
[White "Chua, Alexander J"]
[Black "Nabil, Feliachi"]
[Result "1-0"]
[WhiteElo "2300"]
[BlackElo "2074"]
[PlyCount "53"]
[EventDate "2017.06.29"]
[EventType "swiss"]
[EventRounds "9"]
[EventCountry "USA"]
[SourceTitle "CBM 179 Extra"]
[Source "ChessBase"]
[SourceDate "2017.08.23"]
[SourceVersion "1"]
[SourceVersionDate "2017.08.23"]
[SourceQuality "1"]

1. d4 Nf6 2. c4 e6 3. g3 Bb4+ 4. Bd2 a5 5. Bg2 d6 6. Nf3 Nbd7 7. 0-0 e5 8. Bc1 exd4 9. Nxd4 Bc5 10. Nb5 0-0 11. Bf4 Nh5 12. Bc1 Ne5 13. b3 c6 14. N5c3 Bf5 15. Na4 Ba7 16. Ba3 Qf6 17. Qxd6 Nf3+ 18. Bxf3 Qxa1 19. Nbc3 Qxf1+ 20. Kxf1 Rfe8 21. Bxh5 Rad8 22. Qf4 Bh3+ 23. Ke1 g6 24. Ne4 Bd4 25. Bb2 Bxb2 26. Nxb2 Re6 27. Ng5 1-0